000 02203nam0a2200361 4500
001 RU\NLR\bibl\1269896
005 20260409065645.0
021 _aRU
_b2008-53648
_92970
035 _a(NLR Aleph) 001255779
090 _a347709
_c347709
100 _a20080905d2008 |||y0rusy50 ca
101 0 _arus
102 _aRU
105 _aac |||||||||
200 1 _aГод Александра Александровича Бестужева (Марлинского) - горизонты осмысления
_eматериалы Региональной научно-практической конференции, Краснодар, 14 декабря 2007 года
_fпод ред. М.И. Серовой
210 _aКраснодар
_cКГУКИ
_d2008
215 _a126, [1] с.
_cцв. ил., портр., цв. портр.
_d21
300 _aВ надзаг.: М-во культуры Рос. Федерации, Междунар. акад. наук, Федер. гос. образоват. учреждение высш. проф. образования "Краснодар. гос. ун-т культуры и искусств", Каф. истории и музееведения
320 _aБиблиогр. в конце докл.
600 1 _aБестужев-Марлинский
_bА.А.
_f1797 - 1837
_gАлександр Александрович
_jСъезды, совещания и т.п.
_92611206
_3RU\NLR\auth\661547764
606 _aДекабристы
_jСъезды, совещания и т.п.
_3RU\NLR\auth\6652480
_9983991
686 _aШ5(2=Р)51-4Бестужев
686 _aТ3(2)472-411я431
686 _aТ3(2)472-411.8я431
702 1 _4340
_8rus
_7ca
_aСерова
_bМ. И.
_cд-р ист. наук
_f1936-
_gМайя Игнатьевна
_3RU\NLR\AUTH\7758500
_941432
702 1 _4570
_8rus
_7ca
_aБестужев-Марлинский
_bА. А.
_f1797-1837
_gАлександр Александрович
_3RU\NLR\auth\7795575
_978501
801 0 _aRU
_bNLR
_c20080905
_gRCR
801 1 _aRU
_bNLR
_c20080905
942 _cBOOK
980 _aNB